000 01032nam a22002537a 4500
003 PE SENCICO BE
005 20251020182648.0
008 240104b |||||||| |||| 00| 0 eng d
040 _aPE SENCICO BE
_cPE SENCICO BE
041 _aspa
084 _aI
_aDIS
_a2015
_bR21
100 1 _91835
_aRamirez LLuncor, Lady Rosa
_eautor
245 1 _aTeoría del color y su aplicación en espacios interiores /
_cLady Rosa Ramirez Lluncor
260 _aLima :
_c2015
300 _a50 h. :
_bil. col. ;
_c30 cm.
502 _aMonografía de Titulación.-- Servicio Nacional de Capacitación para la Industria de la Construcción. Escuela Superior Técnica. Carrera Profesional Técnica en Diseño de Interiores, 2015
650 1 0 _944
_aDiseño de interiores
650 2 0 _91793
_aColor en el diseño
650 2 0 _9429
_aColores
650 2 0 _91352
_aAnálisis colorimétrico
710 1 _aServicio Nacional de Capacitación para la Industria de la Construcción.
_bEscuela Superior Técnica
_91065
910 _bhfp
_chfp
942 _cMON
999 _c4472
_d4472